Moderné architektúry informačných systémov diplomová práca

Salvato in:
Dettagli Bibliografici
Autore principale: Tallóši, Patrik
Ente Autore: Fakulta hospodárskej informatiky EU. Katedra aplikovanej informatiky
Altri autori: Mišút, Martin, 1962-
Natura: Libro
Lingua:slovacco
Pubblicazione: Bratislava 2024
Tags: Aggiungi Tag
Nessun Tag, puoi essere il primo ad aggiungerne!!

MARC

LEADER 00000nbm a2200000 4500
001 0301160
005 20260126131112.9
041 0 |a slo 
044 |a SK 
245 1 0 |a Moderné architektúry informačných systémov  |b diplomová práca  |c Patrik Tallóši ; školiteľ: Martin Mišút 
264 1 |a Bratislava  |c 2024 
300 |a 57 s. 
100 1 |a Tallóši, Patrik 
700 1 |a Mišút, Martin, 1962- 
710 2 |a Fakulta hospodárskej informatiky EU. Katedra aplikovanej informatiky